[Event "BOL-ch U12 Girls"]
[Site "Cochabamba"]
[Date "2023.01.14"]
[Round "5"]
[White "Vargas Gonzales, Wanda Mariana"]
[Black "Fernandez Rocha, Mariana Abigail"]
[Result "0-1"]
[WhiteElo "1015"]
[BlackElo "1079"]
[PlyCount "31"]
[EventDate "2023.01.13"]
[EventType "swiss"]
[EventRounds "7"]
[EventCountry "BOL"]
[SourceTitle "EXT 2024"]
[Source "ChessBase"]
[SourceDate "2023.10.10"]
[SourceVersion "1"]
[SourceVersionDate "2023.10.10"]
[SourceQuality "1"]

1. d4 d5 2. e3 Nf6 3. Nf3 e6 4. Bd3 c5 5. c3 Be7 6. 0-0 0-0 7. Nbd2 b6 8. e4 Bb7 9. Re1 Nc6 10. b3 cxd4 11. cxd4 dxe4 12. Nxe4 Nxd4 13. Bb2 Nxf3+ 14. Qxf3 Nxe4 15. Bxe4 Bxe4 16. Rxe4 0-1

[Event "BOL-ch U20 Girls"]
[Site "Cochabamba"]
[Date "2022.05.14"]
[Round "4"]
[White "Vargas Gonzales, Wanda Mariana"]
[Black "Torrejon Teran, Valeria Emily"]
[Result "1/2-1/2"]
[WhiteElo "1010"]
[BlackElo "1022"]
[PlyCount "55"]
[EventDate "2022.05.13"]
[EventType "swiss"]
[EventRounds "7"]
[EventCountry "BOL"]
[SourceTitle "EXT 2023"]
[Source "ChessBase"]
[SourceDate "2022.10.05"]
[SourceVersion "1"]
[SourceVersionDate "2022.10.05"]
[SourceQuality "1"]

1. d4 d5 2. Nf3 Nf6 3. e3 Bf5 4. Bd3 Bg6 5. 0-0 e6 6. Nbd2 Bd6 7. Ne5 Bxd3 8. cxd3 Nbd7 9. f4 0-0 10. Rf3 Rc8 11. b3 Qe7 12. Rh3 Rfe8 13. Qf3 Nf8 14. Qg3 Ng6 15. Nxg6 fxg6 16. Qh4 c5 17. Bb2 Rc7 18. g4 cxd4 19. Bxd4 e5 20. fxe5 Bxe5 21. Bxe5 Qxe5 22. Rf1 h6 23. d4 Qg5 24. Qxg5 hxg5 25. Ra1 Nxg4 26. Rg3 Nxe3 27. Rxg5 Rc2 28. Nf3 1/2-1/2